Balkans Capital Cities - Statistics

General Stats
  • This quiz has been taken 283 times
  • The average score is 7 of 9
Answer Stats
Hint Answer % Correct
Albania Tirana
88%
Serbia Belgrade
85%
Bulgaria Sofia
85%
Bosnia and Herzegovina Sarajevo
83%
Croatia Zagreb
83%
Kosovo Pristina
79%
Macedonia Skopje
79%
Montenegro Podgorica
73%
Slovenia Ljubljana
69%
No matching quizzes found
Score Distribution
Percent of People with Each Score
Percentile by Number Answered
Your Score History
You have not taken this quiz